Business opinion survey (Record no. 70126)

MARC details
000 -LEADER
fixed length control field 01037cam a2200217 4500
001 - CONTROL NUMBER
control field WB3816-10
008 - FIXED-LENGTH DATA ELEMENTS--GENERAL INFORMATION
fixed length control field 020430n2002 000 0 eng u
035 ## - SYSTEM CONTROL NUMBER
System control number (Sirsi) u117775
245 ## - TITLE STATEMENT
Title Business opinion survey
260 ## - PUBLICATION, DISTRIBUTION, ETC.
Date of publication, distribution, etc. 2002
490 ## - SERIES STATEMENT
Series statement RICS Management Consultancy Faculty News
Volume/sequential designation 29 April 2002, (1)
520 ## - SUMMARY, ETC.
Summary, etc. Institute of Directors' (IOD) "Business opinion survey" for Q1 2002 indicates higher optimism amongst the business community. The report shows forward looking indicators such as companiesα order books are pointing towards recovery. Manufacturing companies continued to under perform the general economy, however improvements were noted in export order books. IOD at http://www.iod.com. http://www.rics.org/ricscms/bin/show?class=News&template=/includes/shownews.html&id=2379
590 ## - LOCAL NOTE (RLIN)
Local note WB
650 ## - SUBJECT ADDED ENTRY--TOPICAL TERM
Topical term or geographic name entry element INSTITUTE OF DIRECTORS
650 ## - SUBJECT ADDED ENTRY--TOPICAL TERM
Topical term or geographic name entry element BUSINESS COMMUNITY
650 ## - SUBJECT ADDED ENTRY--TOPICAL TERM
Topical term or geographic name entry element MANUFACTURING INDUSTRY
650 ## - SUBJECT ADDED ENTRY--TOPICAL TERM
Topical term or geographic name entry element BUSINESS CONFIDENCE
650 ## - SUBJECT ADDED ENTRY--TOPICAL TERM
Topical term or geographic name entry element ECONOMY
690 ## - LOCAL SUBJECT ADDED ENTRY--TOPICAL TERM (OCLC, RLIN)
Topical term or geographic name as entry element ECONOMIC ISSUES
942 ## - ADDED ENTRY ELEMENTS (KOHA)
Suppress in OPAC 0
Holdings
Withdrawn status Lost status Source of classification or shelving scheme Damaged status Not for loan Home library Current library Shelving location Date acquired Total Checkouts Full call number Barcode Date last seen Copy number Price effective from Koha item type
    Dewey Decimal Classification     London London News article 30/04/2002   WB3816-10 117775-1001 06/08/2019 1 06/08/2019 News article